Estatísticas para Rios

Clique aqui para jogar o quiz

Estatísticas Gerais

  • Esse quiz foi jogado 45 vezes
  • A pontuação média é 5 de 10

Estatísticas das Respostas

HintResposta% Correto
1.Amazonas
94%
2.Nilo
88%
6.Mississipi
50%
7.Rio Amarelo
50%
3.Sena
50%
4.Danúbio
47%
9.Paraná
44%
5.Tamisa
35%
10.Ganges
26%
8.Rio Azul
9%

Distribuição das Pontuações

Percentil de Números Respondidos

Porcentagem de Pessoas com Cada Pontuação

Sua Pontuação Histórica

Você não jogou esse quiz